000 00729nam0a22002411 4500
001 rc\278821
005 20250621014342.0
010 _a5-7539-0137-9
_91000
035 _a(NLR Aleph) 005506245
090 _a5358056
_c5358056
100 _a20030307d1990 |||y0rusy50 ca
101 0 _arus
102 _aRU
105 _ay |||||||||
200 1 _aПо следам находок и утрат
_e[Об истоках легенд и преданий]
210 _aЭлиста
_cКалм. кн. изд-во
_d1990
215 _a91, [1] с.
_d17
700 1 _aМитиров
_bА.Г.
_gАндрей Горяевич
801 0 _aRU
_bNLR
_gpsbo
801 1 _aRU
_bELAR
_2rusmarc
852 _aNLR
_j90-2/2802
942 _cBOOK
980 _aNB